000 00644nam a2200265Ia 4500
003 OSt
005 20221006141949.0
006 a|||||r|||| 00| 0
007 ta
008 221006b |||||||| |||| 00| 0 jpn d
020 _c¥850
024 _a4,782
037 _cTextual
040 _aEASL
_cEASL
_bjpn
041 _2jpn
_ajpn
082 _ak41, L9
100 _aTAKEBE Yoshiaki Ed.
245 0 _aShin yoji yorei jiten
260 _aTokyo
_bKyoiku Shuppan Japan
_c1979
300 _a360p.
_ccm.
490 _v RR
650 _aJL
942 _hk41, L9
_cTEXL
_2CC
999 _c1072868
_d1072868